| 000 | 00786nam a2200169 a 4500 | ||
|---|---|---|---|
| 001 | BRCA_8907 | ||
| 005 | 20190320210444.0 | ||
| 008 | 190617s1775----it-#######---#000-0#lat-# | ||
| 041 | _alat | ||
| 084 |
_aCO103 _b.C38 1775 |
||
| 245 | 1 | 0 |
_aCatechismus ad parachos es Decreto Sacrosancti Concil. Tridentini jussu Pii. V. Pontif. Maximi editus _bsublatis mendis, adjectis variantibus lectionibus, et triplici Indice, as Editionis Tauriensis, Óominium locu pletissimae & emendatissimae, exemplar espressus. _bEx typographia Petri Marin _c1775 |
| 300 |
_a495 p. _c20.5 x 16 cm |
||
| 500 | _aEstado físico: presenta encuadernación en pergamino con cintas rotas y hojas manchadas | ||
| 650 | 1 | 4 |
_aIglesia católica _xCatecismo _yObras anteriores a 1800 _922152 |
| 902 | _aCFM | ||
| 942 |
_2lcc _cB |
||
| 999 |
_c8558 _d8558 |
||